[Event "Mittelrhein Verbandsliga-N 18/19"]
[Site "Nordrheinwestfalen"]
[Date "2019.04.07"]
[Round "9.8"]
[White "Dorloff, Jakobus"]
[Black "Hanke, Friedhelm"]
[Result "1/2-1/2"]
[WhiteElo "1546"]
[BlackElo "1693"]
[PlyCount "62"]
[EventDate "2018.09.02"]
[EventType "team-tourn"]
[EventRounds "12"]
[EventCountry "GER"]
[SourceTitle "EXT 2022"]
[Source "ChessBase"]
[SourceDate "2021.10.06"]
[SourceVersion "1"]
[SourceVersionDate "2021.10.06"]
[SourceQuality "1"]
[WhiteTeam "Rheinpark BSG"]
[BlackTeam "Hitdorf SV Springer"]
[WhiteTeamCountry "GER"]
[BlackTeamCountry "GER"]

1. e4 c5 2. c3 Nf6 3. e5 Nd5 4. d4 cxd4 5. Nf3 d6 6. cxd4 Nc6 7. Bc4 e6 8. 0-0 Be7 9. Nc3 Nxc3 10. bxc3 d5 11. Bb5 0-0 12. Qd3 Bd7 13. a4 a6 14. Bxc6 Bxc6 15. Re1 b5 16. a5 Rc8 17. g4 Bd7 18. Ba3 Bxa3 19. Rxa3 f5 20. exf6 Qxf6 21. Kg2 Qf4 22. h3 e5 23. dxe5 Bxg4 24. Qxd5+ Kh8 25. hxg4 Qxg4+ 26. Kf1 Qxf3 27. Qxf3 Rxf3 28. e6 Re8 29. Kg2 Rf6 30. e7 Rf7 31. Ra2 Rfxe7 1/2-1/2

[Event "Cologne Longerich op 7th"]
[Site "Cologne"]
[Date "2010.08.01"]
[Round "4"]
[White "Dorloff, Jakobus"]
[Black "Wickenfeld, Stefan"]
[Result "0-1"]
[WhiteElo "1517"]
[BlackElo "1920"]
[PlyCount "62"]
[EventDate "2010.07.30"]
[EventType "swiss"]
[EventRounds "5"]
[EventCountry "GER"]
[SourceTitle "EXT 2011"]
[Source "ChessBase"]
[SourceDate "2010.11.26"]
[SourceVersion "1"]
[SourceVersionDate "2010.11.26"]
[SourceQuality "1"]

1. e4 c5 2. c3 Nf6 3. e5 Nd5 4. d4 cxd4 5. cxd4 Nc6 6. Nf3 d6 7. Nc3 e6 8. Bc4 Nb6 9. Bb3 Be7 10. 0-0 0-0 11. a3 a6 12. Qc2 dxe5 13. dxe5 Nd4 14. Nxd4 Qxd4 15. Be3 Qd8 16. Rad1 Nd7 17. f4 Qc7 18. Rf3 b5 19. Rh3 g6 20. Qf2 Nc5 21. Bc2 Bb7 22. b4 Nd7 23. Ne4 Rac8 24. Rxd7 Qxd7 25. Nf6+ Bxf6 26. exf6 Qd5 27. Bc5 Rfd8 28. Be7 Qa2 29. Bc5 Qa1+ 30. Qf1 Qxf1+ 31. Kxf1 Rd2 0-1

[Event "Cologne Longerich op 7th"]
[Site "Cologne"]
[Date "2010.07.31"]
[Round "3"]
[White "Stelzer, Wolfgang"]
[Black "Dorloff, Jakobus"]
[Result "1/2-1/2"]
[WhiteElo "1799"]
[BlackElo "1517"]
[PlyCount "75"]
[EventDate "2010.07.30"]
[EventType "swiss"]
[EventRounds "5"]
[EventCountry "GER"]
[SourceTitle "EXT 2011"]
[Source "ChessBase"]
[SourceDate "2010.11.26"]
[SourceVersion "1"]
[SourceVersionDate "2010.11.26"]
[SourceQuality "1"]

1. c4 Nf6 2. Nc3 c5 3. g3 e6 4. Bg2 g6 5. e3 Bg7 6. Nge2 0-0 7. 0-0 d6 8. Rb1 Nc6 9. a3 a6 10. b3 Qc7 11. Bb2 b6 12. Ne4 Nxe4 13. Bxg7 Nxf2 14. Rxf2 Kxg7 15. d4 cxd4 16. Nxd4 Bb7 17. Nxc6 Bxc6 18. Bxc6 Qxc6 19. Qd4+ e5 20. Qd3 f5 21. Rd1 Rad8 22. Qd5 Qxd5 23. Rxd5 Kf6 24. Rfd2 Ke6 25. b4 Rd7 26. c5 bxc5 27. bxc5 Rfd8 28. cxd6 Rxd6 29. Rxd6+ Rxd6 30. Ra2 Kd5 31. Kf2 Kc4 32. Rb2 e4 33. g4 fxg4 34. Kg3 h5 35. Kf4 Kd3 36. Rb3+ Kc4 37. Rb4+ Kd3 38. Rb3+ 1/2-1/2

[Event "Cologne Ford op"]
[Site "Cologne"]
[Date "2010.06.07"]
[Round "7"]
[White "Schreiber, Peter"]
[Black "Dorloff, Jakobus"]
[Result "0-1"]
[WhiteElo "1781"]
[BlackElo "1373"]
[PlyCount "66"]
[EventDate "2010.04.19"]
[EventType "swiss"]
[EventRounds "7"]
[EventCountry "GER"]
[SourceTitle "EXT 2011"]
[Source "ChessBase"]
[SourceDate "2010.11.26"]
[SourceVersion "1"]
[SourceVersionDate "2010.11.26"]
[SourceQuality "1"]

1. e4 e5 2. Nf3 Nc6 3. Bc4 Nf6 4. d4 Nxe4 5. dxe5 Bc5 6. Qd5 Bxf2+ 7. Kf1 0-0 8. Qxe4 Bb6 9. Ng5 g6 10. Nc3 Qe7 11. Bf4 Bd4 12. Nd5 Qc5 13. Nf6+ Kg7 14. Bd3 Nxe5 15. b4 Qc3 16. Ngxh7 Nxd3 17. cxd3 Qxa1+ 18. Ke2 Qxa2+ 19. Bd2 Bxf6 20. Nxf8 Kxf8 21. Qf4 Bc3 22. Rd1 Bxd2 23. Rxd2 Qe6+ 24. Kd1 d6 25. Qh6+ Kg8 26. h3 Qb3+ 27. Ke1 Qxb4 28. Kf1 Bf5 29. g4 Bxd3+ 30. Rxd3 Qb1+ 31. Ke2 Qc2+ 32. Rd2 Re8+ 33. Kf2 Qc5+ 0-1